| 000 | 00684nam a22001337a 4500 | ||
|---|---|---|---|
| 040 | _cRUA | ||
| 082 | _aAGR KEK 2015 B475 Or.1 | ||
| 100 | _aKEK KHOEURY; គិត ឃឿន | ||
| 245 | _aComparision of different plant spacing on pea (phaseolus vulgaris) at royal university of agriculture; ការប្រៀបធៀបចន្លោះគុម្ភផ្សេងៗគ្នាលើដំណាំសណ្ដែកបារាំងនៅស្ថានីយ៏ដំណាំសាកលវិទ្យាល័យភូមិន្ទកសិកម្ម | ||
| 260 |
_aPhnom Penh _bRUA _c2015 |
||
| 300 |
_axi;39p. _bill. _c29cm. |
||
| 856 | _u KEK KHOEURY | ||
| 942 | _cAGR | ||
| 999 |
_c8072 _d8072 |
||